| 000 | 01187nam a22003257i 4500 | ||
|---|---|---|---|
| 003 | EG-ScBUE | ||
| 005 | 20250806090535.0 | ||
| 008 | 141123t2013 nyua f bd 001 0 eng d | ||
| 020 | _a9780071311175 | ||
| 020 | _a0071311173 | ||
| 040 |
_aEG-ScBUE _beng _erda _cEG-ScBUE _dEG-ScBUE |
||
| 082 | 0 | 4 |
_222 _a547 _bATK |
| 100 | 1 |
_aAtkins, Robert C., _936646 _eauthor. |
|
| 245 | 1 | 0 |
_aOrganic chemistry : _ba brief course / _cRobert C. Atkins, James Madison University, Francis A. Carey, University of Virginia, Chi Wi Ong, National Sun Yat Sen University. |
| 264 | 1 |
_aNew York : _bMcGraw-Hill, _c[2013] |
|
| 264 | 4 | _cc2013 | |
| 300 |
_a1 volume (various pagings) : _bcolor illustrations ; _c26 cm |
||
| 336 |
_2rdacontent _atext _btxt |
||
| 337 |
_aunmediated _2rdamedia _bn |
||
| 338 |
_avolume _bnc _2rdacarrier |
||
| 500 | _aIncludes glossary. | ||
| 500 | _aIncludes Appendices. | ||
| 504 | _aIncludes bibliographical references and index. | ||
| 650 | 7 |
_96234 _aChemistry, Organic. _2BUEsh |
|
| 653 |
_bPPhrm _cNovember2014 |
||
| 655 |
_vReading book _934232 |
||
| 700 | 1 |
_aCarey, Francis A., _d1937- _936647 _eauthor. |
|
| 700 | 1 |
_aOng, C. W., _936648 _eauthor. |
|
| 942 |
_2ddc _cBB |
||
| 999 |
_c18660 _d18632 |
||